000
00284nam a2200121 a 4500
008
101210s1958|||| d
100
1
_a
Fraccaroli, A.
245
1
0
_a
Život Giacoma Pucciniho
260
_b
SVKL
_a
Bratislava
_c
1958
020
_c
19,50
041
_a
slo
044
_a
xo
_c
SK
999
_c
15127
_d
15127